000
00304nam a2200133Ia 4500
008
100328s9999 xx 000 0 und d
082
_b
38197
100
_a
पठाण यू.म.
245
_a
सय
260
_b
दिलीपराज
630
_a
सय
730
_a
सय
942
_c
BOOK
999
_c
527453
_d
527450